| 000 | 005300000a22001690004500 | ||
|---|---|---|---|
| 090 |
_aAR _b03561 |
||
| 245 | 1 | 0 | _aMarket for "lemons" quality uncertainty and the market mechanism |
| 500 | _aColección uso y valoración | ||
| 650 | 1 | 4 |
_aValoración de biodiversidad _997186 |
| 650 | 1 | 4 |
_aEconomía ambiental _992824 |
| 650 | 1 | 4 |
_aIncertidumbre _994207 |
| 650 | 1 | 4 |
_aModelos matemáticos _996459 |
| 041 | 0 | _aInglés | |
| 100 | 1 |
_aAkerlof, George A. _997187 |
|
| 942 | _cARTICULO | ||
| 773 | 1 |
_tJournal of Economics _q488-500 _d1970 _g84 |
|
| 999 |
_c12611 _d12611 |
||